000
00312nam a22001337a 4500
008
181019b xxu||||| |||| 00| 0 eng d
020
_a
9780323030106
041
_a
eng
080
_2
6 ED
_a
610.73
100
_a
2
101
_a
INF
245
_a
Nursing Theorits And Their Work
_c
Tomey.A.M
942
_2
udc
_c
BK
999
_c
50199
_d
50199